[Event "AUTO-INT-1974"]
[Site "http://www.queenalice.com/game.php?id=909461"]
[Date "2011.3.6"]
[Round "1"]
[White "LemonjeSPFC"]
[Black "Oguh"]
[Result "0-1"]
[WhiteElo "1496"]
[BlackElo "1760"]

1. e4 e5 2. Nf3 Nc6 3. Bb5 Qf6 4. d3 Nd4 5. Nxd4 exd4 6. c3 Bc5 7. Qe2 Ne7 8.
Bd2 a6 9. Ba4 b5 10. Bb3 Bb7 11. cxd4 Bxd4 12. Bc3 O-O-O 13. Bxd4 Qxd4 14. Nd2
f6 15. Nf3 Qb4+ 16. Qd2 Qxd2+ 17. Kxd2 g5 18. h3 d5 19. Ke3 c5 20. Rad1 d4+ 21.
Ke2 Rhf8 22. Be6+ Kb8 23. Nd2 Rfe8 24. Bg4 f5 25. f3 fxg4 26. hxg4 Ng6 27. g3
Ne5 28. Rxh7 Rh8 29. Rdh1 Rxh7 30. Rxh7 c4 31. dxc4 d3+ 32. Ke3 bxc4 0-1

[Event "AUTO-INT-1974"]
[Site "http://www.queenalice.com/game.php?id=909462"]
[Date "2011.3.6"]
[Round "1"]
[White "Oguh"]
[Black "LemonjeSPFC"]
[Result "1-0"]
[WhiteElo "1715"]
[BlackElo "1657"]

1. e4 c5 2. c4 Nc6 3. Nf3 d6 4. d4 Bg4 5. d5 Ne5 6. Be2 Nf6 7. h3 Bxf3 8. Bxf3
Nxc4 9. Qa4+ Nd7 10. Qxc4 g6 11. Qc3 Ne5 12. Bf4 Bg7 13. Qb3 O-O 14. O-O Nxf3+
15. gxf3 b6 16. Nd2 Qd7 17. Kh2 Rfe8 18. Nc4 Kf8 19. a4 f5 20. Rae1 Bd4 21. Qb5
Qc7 22. Bh6+ Kf7 23. Qc6 Qd8 24. Rd1 Bf6 25. e5 dxe5 26. Qe6# 1-0

[Event "AUTO-INT-1974"]
[Site "http://www.queenalice.com/game.php?id=909463"]
[Date "2011.3.6"]
[Round "1"]
[White "LemonjeSPFC"]
[Black "JD"]
[Result "0-1"]
[WhiteElo "1508"]
[BlackElo "1597"]

1. e4 e6 2. d4 Qe7 3. c4 c6 4. Nf3 d5 5. cxd5 exd5 6. e5 Qb4+ 7. Qd2 Qb6 8. a3
a5 9. Nc3 Be6 10. Ng5 h6 11. Nxe6 fxe6 12. Qc2 c5 13. Na4 Qd8 14. Nxc5 Bxc5 15.
Qxc5 Nd7 16. Qb5 a4 0-1

[Event "AUTO-INT-1974"]
[Site "http://www.queenalice.com/game.php?id=909464"]
[Date "2011.3.6"]
[Round "1"]
[White "JD"]
[Black "LemonjeSPFC"]
[Result "1-0"]
[WhiteElo "1584"]
[BlackElo "1521"]

1. h4 d5 2. e3 e5 3. d4 e4 4. f3 f5 5. fxe4 fxe4 6. Qh5+ Ke7 7. b3 Nf6 8. Ba3+
Kd7 9. Bb5+ c6 10. Qf7+ Be7 11. Be2 Qf8 12. Qxf8 Rxf8 13. g4 Bxa3 14. Nxa3 Kc7
15. g5 Ne8 16. c4 Na6 17. cxd5 1-0

[Event "AUTO-OPEN-2286"]
[Site "http://www.queenalice.com/game.php?id=909576"]
[Date "2011.3.7"]
[Round "1"]
[White "Betim_Xadrez"]
[Black "LemonjeSPFC"]
[Result "1-0"]
[WhiteElo "1873"]
[BlackElo "1525"]

1. e4 c5 2. Nf3 Nc6 3. d4 d6 4. d5 Ne5 5. Nxe5 dxe5 6. Bb5+ Bd7 7. Bxd7+ Qxd7 8.
Be3 e6 9. Nc3 Nf6 10. O-O b5 11. dxe6 Qxe6 12. Nxb5 1-0

[Event "AUTO-OPEN-2286"]
[Site "http://www.queenalice.com/game.php?id=909577"]
[Date "2011.3.7"]
[Round "1"]
[White "LemonjeSPFC"]
[Black "Betim_Xadrez"]
[Result "0-1"]
[WhiteElo "1523"]
[BlackElo "1875"]

1. e4 e5 2. Nf3 Nc6 3. Bc4 Be7 4. d3 Nf6 5. O-O d6 6. Nc3 Bg4 7. h3 Bxf3 8. Qxf3
Nd4 9. Qd1 O-O 10. Ne2 Nxe2+ 11. Qxe2 c6 12. f4 b5 13. Bb3 a5 0-1

[Event "AUTO-OPEN-2286"]
[Site "http://www.queenalice.com/game.php?id=909596"]
[Date "2011.3.7"]
[Round "1"]
[White "almiradm87"]
[Black "LemonjeSPFC"]
[Result "1-0"]
[WhiteElo "1546"]
[BlackElo "1541"]

1. d4 d5 2. c4 g6 3. Nc3 c6 4. Nf3 Bg7 5. Bf4 Nf6 6. e3 Bf5 7. Bd3 Be6 8. cxd5
Nxd5 9. Nxd5 Qxd5 10. O-O O-O 11. b3 Nd7 12. Bc4 Qf5 13. Bxe6 Qxe6 14. Ng5 Qf5
15. g4 1-0

[Event "AUTO-OPEN-2286"]
[Site "http://www.queenalice.com/game.php?id=909597"]
[Date "2011.3.7"]
[Round "1"]
[White "LemonjeSPFC"]
[Black "almiradm87"]
[Result "0-1"]
[WhiteElo "1558"]
[BlackElo "1529"]

1. c4 e5 2. Nc3 Nf6 3. g3 Bc5 4. Bg2 Nc6 5. e3 Kf8 6. Nge2 d6 7. O-O Be6 8. b3
h5 9. d4 exd4 10. exd4 Bb4 11. d5 Bg4 12. Qc2 Bxe2 13. Qxe2 Nd4 14. Qd2 Bxc3 0-1

[Event "AUTO-OPEN-2286"]
[Site "http://www.queenalice.com/game.php?id=909606"]
[Date "2011.3.7"]
[Round "1"]
[White "Janivgm"]
[Black "LemonjeSPFC"]
[Result "1-0"]
[WhiteElo "1842"]
[BlackElo "1628"]

1. e4 c5 2. Nf3 Nc6 3. Bc4 e6 4. Nc3 a6 5. a4 Nf6 6. d3 Qc7 7. g3 Be7 8. Bf4 e5
9. Be3 d6 10. Ng5 O-O 11. Nd5 Nxd5 12. Bxd5 Nb4 13. Bc4 Bxg5 14. Bxg5 Bh3 15. c3
Nc6 16. g4 Qd7 17. f3 Ne7 18. Rg1 Ng6 19. Rg3 Bxg4 20. fxg4 Nf4 21. Bxf4 exf4
22. Rg1 g6 23. Qf3 g5 24. h4 1-0

[Event "AUTO-OPEN-2286"]
[Site "http://www.queenalice.com/game.php?id=909607"]
[Date "2011.3.7"]
[Round "1"]
[White "LemonjeSPFC"]
[Black "Janivgm"]
[Result "0-1"]
[WhiteElo "1621"]
[BlackElo "1849"]

1. c4 e5 2. g3 d5 3. e3 Nf6 4. Nc3 d4 5. Nce2 c5 6. Bg2 Bf5 7. Bxb7 Be4 8. Bxe4
Nxe4 9. d3 Nd6 10. Nf3 f6 11. Bd2 g6 12. Qa4+ Nd7 13. exd4 cxd4 14. c5 Nf5 15.
Rc1 Kf7 16. Qc4+ Kg7 17. c6 Nb6 18. Qe6 Nd5 19. c7 Nxc7 20. Qb3 Rb8 21. Qc2 Bd6
22. Ba5 Rc8 23. O-O Qd7 0-1

[Event "Let's Play Chess!"]
[Site "http://www.queenalice.com/game.php?id=1063654"]
[Date "2012.5.25"]
[Round "-"]
[White "LemonjeSPFC"]
[Black "FerreiraAzevedo"]
[Result "0-1"]
[WhiteElo "1489"]
[BlackElo "2666"]

1. e4 c5 2. Nf3 Nc6 3. d4 cxd4 4. Nxd4 e5 5. Nxc6 bxc6 6. Bc4 Nf6 7. Bg5 h6 8.
Bxf6 Qxf6 9. O-O Bc5 10. c3 O-O 11. Nd2 Rd8 12. Qf3 d5 13. Qxf6 gxf6 14. exd5
cxd5 15. Bb3 Kg7 16. Nf3 a5 17. Rad1 Be6 18. Rfe1 a4 0-1

[Event "Let's Play Chess!"]
[Site "http://www.queenalice.com/game.php?id=1063655"]
[Date "2012.5.25"]
[Round "-"]
[White "FerreiraAzevedo"]
[Black "LemonjeSPFC"]
[Result "1-0"]
[WhiteElo "2694"]
[BlackElo "1491"]

1. d4 d5 2. c4 e6 3. Nc3 c5 4. Nf3 Nc6 5. cxd5 exd5 6. dxc5 Bxc5 7. Qxd5 Qxd5 8.
Nxd5 Bd6 9. e4 Bg4 10. Be2 O-O-O 11. Be3 Bxf3 12. Bxf3 Nb4 13. Bxa7 Nxd5 14.
Bg4+ Kc7 15. Rc1+ 1-0

[Event "AUTO-OPEN-2695"]
[Site "http://www.queenalice.com/game.php?id=1063769"]
[Date "2012.5.25"]
[Round "1"]
[White "kilmison"]
[Black "LemonjeSPFC"]
[Result "1-0"]
[WhiteElo "1943"]
[BlackElo "1487"]

1. e4 e5 2. Nf3 Nc6 3. d4 exd4 4. Nxd4 Bc5 5. Nxc6 Qf6 6. Qe2 Qxc6 7. Nc3 Ne7 8.
Bf4 Bb4 9. Be5 O-O 10. Qc4 Qxc4 11. Bxc4 d6 12. a3 Ba5 13. b4 dxe5 14. bxa5 c6
15. O-O Re8 16. Rfe1 Ng6 17. Rad1 Kf8 18. Na4 1-0

[Event "AUTO-OPEN-2695"]
[Site "http://www.queenalice.com/game.php?id=1063770"]
[Date "2012.5.25"]
[Round "1"]
[White "LemonjeSPFC"]
[Black "kilmison"]
[Result "0-1"]
[WhiteElo "1469"]
[BlackElo "1931"]

1. e4 e5 2. Nf3 Nc6 3. Bc4 Nd4 4. Nxd4 exd4 5. O-O d6 6. c3 Nf6 7. cxd4 Nxe4 8.
Re1 d5 9. Bb3 Be7 10. d3 Nf6 11. Bg5 O-O 12. Nc3 h6 13. Bh4 c6 14. Na4 Be6 15.
Nc5 Nd7 16. Bg3 Bxc5 17. dxc5 Nxc5 0-1

[Event "AUTO-OPEN-2695"]
[Site "http://www.queenalice.com/game.php?id=1063817"]
[Date "2012.5.25"]
[Round "1"]
[White "LemonjeSPFC"]
[Black "abreuchess"]
[Result "0-1"]
[WhiteElo "1485"]
[BlackElo "2233"]

1. e4 c5 2. Nf3 d6 3. d3 Nc6 4. g3 Nf6 5. Bg2 g6 6. Bg5 Bg7 7. O-O Bg4 8. c3 Qb6
9. Qb3 Qxb3 10. axb3 Nd7 11. Nbd2 Nde5 12. Nxe5 Nxe5 13. d4 cxd4 14. cxd4 Nd3
0-1

[Event "AUTO-OPEN-2695"]
[Site "http://www.queenalice.com/game.php?id=1063818"]
[Date "2012.5.25"]
[Round "1"]
[White "abreuchess"]
[Black "LemonjeSPFC"]
[Result "1-0"]
[WhiteElo "2234"]
[BlackElo "1483"]

1. d4 d5 2. c4 e6 3. Nc3 c5 4. Nf3 Nc6 5. cxd5 exd5 6. dxc5 Bxc5 7. Qxd5 Qe7 8.
Bg5 f6 9. Bf4 Nb4 10. Qd2 Bd7 11. a3 Rd8 12. axb4 Bxb4 13. e3 Ba4 14. Nd4 Bc6
15. Be2 1-0

[Event "AUTO-INT-2333"]
[Site "http://www.queenalice.com/game.php?id=1063879"]
[Date "2012.5.25"]
[Round "1"]
[White "djoko"]
[Black "LemonjeSPFC"]
[Result "1-0"]
[WhiteElo "1731"]
[BlackElo "1475"]

1. d4 g6 2. c4 d5 3. cxd5 Qxd5 4. Nc3 Qd6 5. e4 Bg7 6. Be3 b6 7. Be2 Bb7 8. Nf3
Nc6 9. Nb5 Qd7 10. Rc1 a6 11. Na3 Nf6 12. e5 1-0

[Event "AUTO-INT-2333"]
[Site "http://www.queenalice.com/game.php?id=1063880"]
[Date "2012.5.25"]
[Round "1"]
[White "LemonjeSPFC"]
[Black "djoko"]
[Result "0-1"]
[WhiteElo "1481"]
[BlackElo "1725"]

1. c4 e5 2. g3 Nf6 3. Bg2 c6 4. Nc3 Bb4 5. Qc2 a6 6. b3 Qb6 7. Na4 Qa7 8. Bb2
Ng4 9. e3 d6 10. Nf3 g6 11. h3 Nf6 12. O-O b5 0-1